000
00290nam a2200133Ia 4500
100
_a
Parker/Sybil P
942
_c
BK
654
_a
dictionary
245
_a
Dictionary of physics
260
_b
Mc Graw Hill
_a
New York
_c
1985
082
_a
530.0321
_b
PAR
300
_a
646
546
_a
ENGLISH
999
_c
32760
_d
32760